000 00570cab a2200229 4500
001 X343
008 090401t1992 xxu||||| |||| 00| 0 eng d
035 _a(Sirsi) u65197
041 _aeng
100 _aJonas, C.
245 _aSpeech to the Rural Economy Group, House of Lords
260 _c1992
350 _a0
490 _aRural Practice Bulletin
_vNovember/December 1992, 18-21(4)
650 _aHOUSE OF LORDS
650 _aRICS
650 _aRURAL ECONOMY
650 _aRURAL PRACTICE
690 _aRURAL PRACTICE
942 _n0
948 _c04/03/1997
999 _c40650
_d40650